| 000 | 00654nam a2200193Ia 4500 | ||
|---|---|---|---|
| 003 | GCL | ||
| 008 | 140319s9999 xx 000 0 ara d | ||
| 040 |
_aGCL / _cGCL |
||
| 082 | 0 | 4 |
_a810.9 _bج م |
| 100 | 1 | _aجمال الغيطانى | |
| 245 | 1 | 0 |
_aمنتهى الطلب الى تراث العرب : _bدراسات فى التراث / _cجمال الغيطانى |
| 250 | _aالاولى | ||
| 260 |
_aالقاهرة : _bدار الشروق ، _c1997 |
||
| 300 |
_a165 ص ؛ _c24 سم |
||
| 650 | 0 | 4 | _aالتراث العربى |
| 650 | 0 | 4 | _aالفولكلور العربى |
| 650 | 0 | 4 | _aالادب العربى - مجموعات |
| 942 |
_2ddc _cBK |
||
| 999 |
_c34656 _d34656 |
||